<?xml version="1.0" encoding="UTF-8"?>
<record
    xmlns:xsi="http://www.w3.org/2001/XMLSchema-instance"
    xsi:schemaLocation="http://www.loc.gov/MARC21/slim http://www.loc.gov/standards/marcxml/schema/MARC21slim.xsd"
    xmlns="http://www.loc.gov/MARC21/slim">

  <leader>00743nam a2200217Ia 4500</leader>
  <controlfield tag="001">11008</controlfield>
  <controlfield tag="003">GE_BSU</controlfield>
  <controlfield tag="008">181216s||||||||xx |||||||||||||| ||und||</controlfield>
  <datafield tag="040" ind1=" " ind2=" ">
    <subfield code="c">GE_BSU</subfield>
  </datafield>
  <datafield tag="080" ind1=" " ind2=" ">
    <subfield code="a">031(=161.1)</subfield>
  </datafield>
  <datafield tag="245" ind1=" " ind2=" ">
    <subfield code="a">&#x42D;&#x43D;&#x446;&#x438;&#x43A;&#x43B;&#x43E;&#x43F;&#x435;&#x434;&#x438;&#x447;&#x435;&#x441;&#x43A;&#x438;&#x439; &#x441;&#x43B;&#x43E;&#x432;&#x430;&#x440;&#x44C;</subfield>
  </datafield>
  <datafield tag="245" ind1=" " ind2=" ">
    <subfield code="b">&#x422;.X&#x425;VIII&#x430;=:&#x421;&#x430;&#x432;&#x430;&#x440;&#x43D;&#x438;-&#x421;&#x430;&#x445;&#x430;&#x440;&#x43E;&#x43D;&#x44C;.</subfield>
  </datafield>
  <datafield tag="245" ind1=" " ind2=" ">
    <subfield code="c">&#x41F;&#x43E;&#x434;&#x44C; &#x420;&#x435;&#x434;: &#x41A;.&#x41A;. &#x410;&#x440;&#x441;&#x435;&#x43D;&#x44C;&#x435;&#x432;&#x430;,&#x41E;.&#x41E;. &#x41F;&#x435;&#x442;&#x440;&#x443;&#x448;&#x435;&#x432;&#x441;&#x43A;&#x430;&#x433;&#x43E;.</subfield>
  </datafield>
  <datafield tag="260" ind1=" " ind2=" ">
    <subfield code="a">&#x421;.-&#x41F;&#x435;&#x442;&#x435;&#x440;&#x431;&#x443;&#x440;&#x433;&#x44C;</subfield>
  </datafield>
  <datafield tag="260" ind1=" " ind2=" ">
    <subfield code="b">&#x422;&#x438;&#x43F;&#x43E;-&#x41B;&#x438;&#x442;&#x43E;&#x433;&#x440;&#x430;&#x444;&#x438;&#x44F; &#x418;.&#x410;.&#x415;&#x444;&#x440;&#x43E;&#x43D;&#x430;.</subfield>
  </datafield>
  <datafield tag="260" ind1=" " ind2=" ">
    <subfield code="c">1900.</subfield>
  </datafield>
  <datafield tag="300" ind1=" " ind2=" ">
    <subfield code="a">496&#x441;&#x442;&#x440;,&#x438;&#x43B;&#x43B;,25&#x441;&#x43C;.</subfield>
  </datafield>
  <datafield tag="520" ind1=" " ind2=" ">
    <subfield code="a">&#x418;&#x437;&#x434;: &#x424;.&#x410;.&#x411;&#x440;&#x43E;&#x43A;&#x433;&#x430;&#x443;&#x437;&#x44C;,&#x418;.&#x410;.&#x415;&#x444;&#x440;&#x43E;&#x43D;&#x44C;.</subfield>
  </datafield>
  <datafield tag="653" ind1=" " ind2=" ">
    <subfield code="a">&#x42D;&#x43D;&#x446;&#x438;&#x43A;&#x43B;&#x43E;&#x43F;&#x435;&#x434;&#x438;&#x447;&#x435;&#x441;&#x43A;&#x438;&#x439; &#x441;&#x43B;&#x43E;&#x432;&#x430;&#x440;&#x44C;</subfield>
  </datafield>
  <datafield tag="942" ind1=" " ind2=" ">
    <subfield code="c">BK</subfield>
  </datafield>
  <datafield tag="999" ind1=" " ind2=" ">
    <subfield code="c">44250</subfield>
    <subfield code="d">44250</subfield>
  </datafield>
  <datafield tag="952" ind1=" " ind2=" ">
    <subfield code="0">0</subfield>
    <subfield code="1">0</subfield>
    <subfield code="4">0</subfield>
    <subfield code="7">0</subfield>
    <subfield code="9">56904</subfield>
    <subfield code="d">2018-12-17</subfield>
    <subfield code="p">18883</subfield>
    <subfield code="r">2018-12-17</subfield>
    <subfield code="w">2018-12-17</subfield>
    <subfield code="y">BK</subfield>
  </datafield>
  <datafield tag="952" ind1=" " ind2=" ">
    <subfield code="0">0</subfield>
    <subfield code="1">0</subfield>
    <subfield code="4">0</subfield>
    <subfield code="7">0</subfield>
    <subfield code="9">56905</subfield>
    <subfield code="d">2018-12-17</subfield>
    <subfield code="p">18884</subfield>
    <subfield code="r">2018-12-17</subfield>
    <subfield code="w">2018-12-17</subfield>
    <subfield code="y">BK</subfield>
  </datafield>
</record>
